000 006540000a22002050004500
090 _aAR
_b03652
245 1 0 _aAndes pharmaceuticals, INC
_sun nuevo modelo para la prospección de la diversidad biológica
500 _a<Colección Recursos Genéticos>
650 1 4 _aBiodiversidad
_992204
650 1 4 _aBioprospección
_993872
650 1 4 _aBiofarmaceútica
_997380
650 1 4 _aConvenios internacionales
_93879
650 1 4 _aCumbre de Río
_992776
650 1 4 _aTransferencia de biotecnología
_997381
650 1 4 _aEquidad
_93813
041 0 _aEspañol
100 1 _aAsebey, Edgar J.
_993662
942 _cARTICULO
773 1 _tPreprint
_q50-80
_d1995
999 _c12700
_d12700